[Event "5th European Small Nations"]
[Site "Andorra la Vella"]
[Date "2017.11.17"]
[Round "8.1"]
[White "Zerafa, Robert"]
[Black "Kirby, Peter J."]
[Result "0-1"]
[BlackElo "1987"]
[WhiteElo "2101"]
[LiveChessVersion "1.4.8"]

1. e4 {[%clk 1:29:37]} c5 {[%clk 1:30:58]} 2. c3 {[%clk 1:29:37]} Nf6
{[%clk 1:31:19]} 3. e5 {[%clk 1:30:04]} Nd5 {[%clk 1:31:43]} 4. d4
{[%clk 1:30:30]} cxd4 {[%clk 1:32:00]} 5. cxd4 {[%clk 1:30:30]} d6
{[%clk 1:31:41]} 6. Nf3 {[%clk 1:30:06]} Nc6 {[%clk 1:30:20]} 7. Bc4
{[%clk 1:28:03]} e6 {[%clk 1:30:14]} 8. O-O {[%clk 1:25:33]} Be7 {[%clk 1:29:47]}
9. Nbd2 {[%clk 1:19:49]} O-O {[%clk 1:28:49]} 10. Ne4 {[%clk 1:19:30]} Nb6
{[%clk 1:26:22]} 11. Bd3 {[%clk 1:18:42]} dxe5 {[%clk 1:24:12]} 12. dxe5
{[%clk 1:18:55]} Nb4 {[%clk 1:21:40]} 13. Bb1 {[%clk 1:16:53]} Qxd1
{[%clk 1:21:58]} 14. Rxd1 {[%clk 1:17:22]} Bd7 {[%clk 1:16:37]} 15. Be3
{[%clk 1:16:37]} N4d5 {[%clk 1:11:57]} 16. Bc5 {[%clk 1:13:33]} Bxc5
{[%clk 1:09:49]} 17. Nxc5 {[%clk 1:12:01]} Bc6 {[%clk 1:09:49]} 18. Nd4
{[%clk 1:09:55]} Nc4 {[%clk 1:06:36]} 19. Nxc6 {[%clk 1:05:37]} bxc6
{[%clk 1:06:54]} 20. Nd3 {[%clk 1:04:43]} Rab8 {[%clk 1:02:16]} 21. Rc1
{[%clk 1:00:19]} Nxb2 {[%clk 1:01:52]} 22. Nxb2 {[%clk 0:58:06]} Rxb2
{[%clk 1:02:20]} 23. Rxc6 {[%clk 0:57:55]} Rfb8 {[%clk 1:00:23]} 24. Be4
{[%clk 0:57:15]} Rd2 {[%clk 0:52:27]} 25. Ra6 {[%clk 0:42:05]} Nc3
{[%clk 0:50:35]} 26. Bf3 {[%clk 0:24:00]} Rxa2 {[%clk 0:49:15]} 27. R6xa2
{[%clk 0:22:46]} Nxa2 {[%clk 0:49:42]} 28. h4 {[%clk 0:21:29]} Rb2
{[%clk 0:47:52]} 29. Rd1 {[%clk 0:21:40]} g6 {[%clk 0:47:08]} 30. Rd8+
{[%clk 0:17:48]} Kg7 {[%clk 0:47:29]} 31. Ra8 {[%clk 0:18:09]} Nb4
{[%clk 0:42:10]} 32. Rxa7 {[%clk 0:17:05]} Nd3 {[%clk 0:42:10]} 33. Bg4
{[%clk 0:17:28]} Rb6 {[%clk 0:38:44]} 34. Ra2 {[%clk 0:12:33]} Nxe5
{[%clk 0:35:55]} 35. Be2 {[%clk 0:12:52]} h5 {[%clk 0:34:44]} 36. g3
{[%clk 0:13:17]} Kf6 {[%clk 0:31:06]} 37. Kg2 {[%clk 0:13:46]} Rb7
{[%clk 0:25:54]} 38. Bf1 {[%clk 0:14:13]} Rc7 {[%clk 0:23:49]} 39. Be2
{[%clk 0:14:18]} Nd7 {[%clk 0:15:24]} 40. Bf3 {[%clk 0:44:14]} Ne5
{[%clk 0:44:22]} 41. Ba8 {[%clk 0:44:37]} Ke7 {[%clk 0:38:49]} 42. Rb2
{[%clk 0:43:45]} Nd3 {[%clk 0:37:55]} 43. Rb7 {[%clk 0:42:53]} Rxb7
{[%clk 0:38:19]} 44. Bxb7 {[%clk 0:43:20]} e5 {[%clk 0:34:33]} 45. Bc8
{[%clk 0:42:11]} f5 {[%clk 0:32:45]} 46. Kf3 {[%clk 0:42:16]} Nc5
{[%clk 0:32:40]} 0-1

[Event "5th European Small Nations"]
[Site "Andorra la Vella"]
[Date "2017.11.17"]
[Round "8.3"]
[White "Vella, Duncan"]
[Black "Strade, Arita"]
[Result "1-0"]
[BlackElo "1864"]
[WhiteElo "1989"]
[LiveChessVersion "1.4.8"]

1. e4 {[%clk 1:30:52]} c5 {[%clk 1:30:53]} 2. Nf3 {[%clk 1:31:15]} e6
{[%clk 1:31:12]} 3. g3 {[%clk 1:31:17]} Nf6 {[%clk 1:30:23]} 4. e5
{[%clk 1:29:37]} Nd5 {[%clk 1:29:19]} 5. Bg2 {[%clk 1:28:47]} d6 {[%clk 1:28:27]}
6. b3 {[%clk 1:25:03]} g6 {[%clk 1:19:39]} 7. Bb2 {[%clk 1:19:12]} Bg7
{[%clk 1:19:57]} 8. O-O {[%clk 1:18:14]} Nc6 {[%clk 1:17:20]} 9. Re1
{[%clk 1:17:50]} O-O {[%clk 1:17:08]} 10. Na3 {[%clk 1:14:16]} dxe5
{[%clk 1:07:55]} 11. Nxe5 {[%clk 1:13:47]} Nce7 {[%clk 0:53:50]} 12. Qc1
{[%clk 1:04:51]} Nf5 {[%clk 0:45:31]} 13. Nd3 {[%clk 0:57:48]} Qc7
{[%clk 0:28:01]} 14. Bxg7 {[%clk 0:54:34]} Kxg7 {[%clk 0:27:46]} 15. Qb2+
{[%clk 0:53:26]} Kg8 {[%clk 0:28:11]} 16. Ne5 {[%clk 0:49:02]} a6
{[%clk 0:27:07]} 17. Ng4 {[%clk 0:43:23]} Nd4 {[%clk 0:25:40]} 18. Bxd5
{[%clk 0:37:31]} exd5 {[%clk 0:25:54]} 19. Nf6+ {[%clk 0:37:56]} Kh8
{[%clk 0:24:10]} 20. Nxd5 {[%clk 0:38:04]} Qc6 {[%clk 0:23:18]} 21. c4
{[%clk 0:37:17]} f6 {[%clk 0:22:33]} 22. Re3 {[%clk 0:33:27]} Bg4
{[%clk 0:21:57]} 23. Nc2 {[%clk 0:32:05]} Nf3+ {[%clk 0:17:29]} 24. Kg2
{[%clk 0:32:10]} Ng5 {[%clk 0:16:29]} 25. f3 {[%clk 0:30:07]} Bh3+
{[%clk 0:14:16]} 26. Kf2 {[%clk 0:29:51]} Bd7 {[%clk 0:13:40]} 27. Rae1
{[%clk 0:28:37]} Rae8 {[%clk 0:12:55]} 28. Rxe8 {[%clk 0:24:38]} Bxe8
{[%clk 0:12:35]} 29. h4 {[%clk 0:24:24]} Ne6 {[%clk 0:12:11]} 30. Re3
{[%clk 0:20:35]} Kg7 {[%clk 0:12:10]} 31. Qc3 {[%clk 0:18:30]} Rf7
{[%clk 0:09:12]} 32. Qd3 {[%clk 0:16:53]} b5 {[%clk 0:08:45]} 33. Qe4
{[%clk 0:14:57]} Bd7 {[%clk 0:08:17]} 34. d4 {[%clk 0:12:47]} bxc4
{[%clk 0:07:53]} 35. bxc4 {[%clk 0:12:51]} Nxd4 {[%clk 0:05:40]} 36. Nxd4
{[%clk 0:13:13]} cxd4 {[%clk 0:06:03]} 37. Qxd4 {[%clk 0:13:32]} Qd6
{[%clk 0:03:44]} 38. Rb3 {[%clk 0:12:33]} Qe6 {[%clk 0:03:04]} 39. Rb6
{[%clk 0:11:15]} Qf5 {[%clk 0:02:50]} 40. Ne3 {[%clk 0:36:36]} Qa5
{[%clk 0:32:46]} 41. Qb2 {[%clk 0:31:46]} Bc8 {[%clk 0:29:29]} 42. Kg2
{[%clk 0:26:28]} Qe5 {[%clk 0:28:10]} 43. Qxe5 {[%clk 0:25:09]} fxe5
{[%clk 0:28:36]} 44. c5 {[%clk 0:23:17]} Rd7 {[%clk 0:26:11]} 45. Nc4
{[%clk 0:22:14]} Rd5 {[%clk 0:21:57]} 46. c6 {[%clk 0:19:54]} Rc5
{[%clk 0:21:34]} 47. Nd6 {[%clk 0:20:02]} Rc2+ {[%clk 0:20:47]} 48. Kg1
{[%clk 0:20:19]} Be6 {[%clk 0:17:53]} 49. Rxa6 {[%clk 0:18:17]} Kf8
{[%clk 0:18:01]} 50. a4 {[%clk 0:17:31]} Bd5 {[%clk 0:17:59]} 51. Ne4
{[%clk 0:10:24]} Bxc6 {[%clk 0:17:36]} 52. a5 {[%clk 0:10:49]} Bxe4
{[%clk 0:14:55]} 53. fxe4 {[%clk 0:11:17]} Re2 {[%clk 0:14:52]} 54. Ra8+
{[%clk 0:10:46]} Kf7 {[%clk 0:14:53]} 55. a6 {[%clk 0:10:25]} Rxe4
{[%clk 0:15:14]} 56. a7 {[%clk 0:10:37]} Ra4 {[%clk 0:15:01]} 57. Rh8 1-0

[Event "5th European Small Nations"]
[Site "Andorra la Vella"]
[Date "2017.11.17"]
[Round "8.4"]
[White "Brookfield, Toby"]
[Black "Sammut Briffa, Peter"]
[Result "1-0"]
[BlackElo "1962"]
[WhiteElo "1864"]
[LiveChessVersion "1.4.8"]

1. e4 {[%clk 1:30:53]} c5 {[%clk 1:30:46]} 2. Nf3 {[%clk 1:31:20]} d6
{[%clk 1:29:52]} 3. d4 {[%clk 1:31:20]} cxd4 {[%clk 1:30:17]} 4. Nxd4
{[%clk 1:31:41]} Nf6 {[%clk 1:30:35]} 5. Nc3 {[%clk 1:32:00]} a6 {[%clk 1:30:59]}
6. f4 {[%clk 1:31:57]} Qc7 {[%clk 1:30:08]} 7. a4 b6 {[%clk 1:28:54]} 8. Nf3
{[%clk 1:31:11]} Nbd7 {[%clk 1:28:30]} 9. Bd3 {[%clk 1:31:20]} Bb7
{[%clk 1:27:49]} 10. O-O {[%clk 1:31:07]} e5 {[%clk 1:23:49]} 11. Kh1
{[%clk 1:30:39]} Be7 {[%clk 1:23:53]} 12. Qe1 O-O {[%clk 1:08:27]} 13. fxe5
{[%clk 1:29:36]} dxe5 {[%clk 1:06:12]} 14. Bg5 {[%clk 1:09:59]} h6
{[%clk 0:38:37]} 15. Bd2 {[%clk 1:09:59]} Rae8 16. Nh4 {[%clk 1:05:59]} Nc5
{[%clk 0:37:38]} 17. Nf5 {[%clk 0:49:31]} Ne6 {[%clk 0:28:09]} 18. Qg3
{[%clk 0:44:25]} Kh8 {[%clk 0:18:34]} 19. Bxh6 {[%clk 0:41:27]} gxh6
{[%clk 0:14:37]} 20. Nxh6 {[%clk 0:37:59]} Nf4 {[%clk 0:14:58]} 21. Rxf4
{[%clk 0:37:02]} exf4 {[%clk 0:14:10]} 22. Qh3 {[%clk 0:33:05]} Nh7
{[%clk 0:09:15]} 23. e5 {[%clk 0:25:57]} Qxe5 {[%clk 0:08:12]} 24. Bxh7
{[%clk 0:23:58]} Bg5 {[%clk 0:07:40]} 25. Be4 {[%clk 0:21:01]} 1-0

[Event "5th European Small Nations"]
[Site "Andorra la Vella"]
[Date "2017.11.17"]
[Round "8.6"]
[White "Righi, Ezio"]
[Black "Guller, Andras"]
[Result "1/2-1/2"]
[BlackElo "2041"]
[WhiteElo "2039"]
[LiveChessVersion "1.4.8"]

1. e4 {[%clk 1:30:57]} e6 {[%clk 1:26:41]} 2. d4 {[%clk 1:31:09]} d5
{[%clk 1:27:01]} 3. Nc3 {[%clk 1:31:10]} dxe4 {[%clk 1:24:38]} 4. Nxe4
{[%clk 1:31:25]} Nd7 {[%clk 1:25:00]} 5. Nf3 {[%clk 1:30:56]} Ngf6
{[%clk 1:25:20]} 6. Nxf6+ {[%clk 1:30:38]} Nxf6 {[%clk 1:25:35]} 7. Bd3
{[%clk 1:29:47]} c5 {[%clk 1:23:35]} 8. O-O {[%clk 1:29:24]} cxd4
{[%clk 1:21:30]} 9. Nxd4 {[%clk 1:28:54]} Bc5 {[%clk 1:19:38]} 10. Nf3
{[%clk 1:26:32]} h6 {[%clk 1:14:59]} 11. Ne5 {[%clk 1:20:29]} O-O
{[%clk 1:10:53]} 12. Qf3 {[%clk 1:19:49]} Qd5 {[%clk 1:06:43]} 13. Bf4
{[%clk 1:10:19]} Qxf3 {[%clk 1:03:17]} 14. Nxf3 {[%clk 1:10:38]} b6
{[%clk 1:01:46]} 15. c3 {[%clk 1:01:41]} Bb7 {[%clk 0:59:32]} 16. Rad1
{[%clk 1:00:35]} Rfd8 {[%clk 0:55:00]} 17. Be2 {[%clk 0:58:43]} Rac8
{[%clk 0:45:39]} 18. Be5 {[%clk 0:56:09]} Nd5 {[%clk 0:43:20]} 19. Nd4
{[%clk 0:50:14]} Ne7 {[%clk 0:36:27]} 20. Nb3 {[%clk 0:43:08]} f6
{[%clk 0:25:11]} 21. Nxc5 {[%clk 0:42:57]} bxc5 {[%clk 0:25:32]} 22. Bf4
{[%clk 0:42:39]} Nd5 {[%clk 0:24:58]} 23. Be3 {[%clk 0:40:29]} Nxe3
{[%clk 0:23:29]} 24. fxe3 {[%clk 0:40:52]} Kf7 {[%clk 0:22:20]} 25. Kf2
{[%clk 0:40:18]} Ke7 {[%clk 0:22:22]} 26. g3 {[%clk 0:39:21]} Be4
{[%clk 0:21:07]} 27. Rxd8 {[%clk 0:38:40]} Rxd8 {[%clk 0:21:00]} 28. Rd1
{[%clk 0:38:44]} Rxd1 {[%clk 0:20:27]} 29. Bxd1 {[%clk 0:39:11]} Kd6
{[%clk 0:19:50]} 1/2-1/2

[Event "5th European Small Nations"]
[Site "Andorra la Vella"]
[Date "2017.11.17"]
[Round "8.7"]
[White "Frick, Renato"]
[Black "Volpinari, Danilo"]
[Result "1/2-1/2"]
[BlackElo "1976"]
[WhiteElo "1997"]
[LiveChessVersion "1.4.8"]

1. e4 {[%clk 1:30:56]} c5 {[%clk 1:30:40]} 2. Nf3 {[%clk 1:31:20]} e6
{[%clk 1:30:58]} 3. d4 {[%clk 1:31:39]} cxd4 {[%clk 1:31:14]} 4. Nxd4
{[%clk 1:31:58]} Nc6 {[%clk 1:31:19]} 5. Nc3 Qc7 6. Be2 Nf6 7. O-O Be7 8. Be3 O-O
9. Kh1 d6 10. f4 Nxd4 11. Bxd4 e5 12. Be3 b6 13. Bd3 Bb7 14. Qf3 Rad8 15. Rae1
Qc8 16. Nd5 Bxd5 17. exd5 Qg4 18. c4 Qxf3 19. gxf3 Nd7 20. Bf5 Bf6 21. Bxd7 Rxd7
22. Re2 Re8 23. f5 Rde7 24. Kg2 Rc8 25. Rc2 Rec7 26. Rfc1 Be7 27. b4 h6 28. f4
Bf6 29. c5 bxc5 30. bxc5 dxc5 31. d6 Rc6 32. Rxc5 Rxc5 33. Rxc5 Rxc5 34. Bxc5
exf4 35. Bxa7 Kf8 36. Kf3 Ke8 37. Ke4 Kd7 38. Bd4 f3 39. Bf2 Kxd6 40. Bg3+ Kc5
41. Kxf3 Kd5 42. Bc7 g6 43. fxg6 fxg6 44. Bb6 Be5 45. h3 Bf6 46. Bc7 h5 47. Kf4
g5+ 48. Kf5 g4 49. hxg4 hxg4 50. Kxf6 Kc6 51. Bg3 Kb7 52. Ke6 Ka8 53. Kd7 Kb7 54.
Kd6 Ka8 55. Kc6 Ka7 56. a4 Ka8 57. Kb6 1/2-1/2

[Event "5th European Small Nations"]
[Site "Andorra la Vella"]
[Date "2017.11.17"]
[Round "8.8"]
[White "Berardi, Giancarlo"]
[Black "Iclicki, Willy"]
[Result "0-1"]
[BlackElo "1968"]
[WhiteElo "1837"]
[LiveChessVersion "1.4.8"]

1. c4 {[%clk 1:30:54]} c6 {[%clk 1:30:22]} 2. g3 {[%clk 1:30:57]} d5
{[%clk 1:30:35]} 3. cxd5 {[%clk 1:31:02]} cxd5 {[%clk 1:29:48]} 4. Nf3
{[%clk 1:29:09]} Nf6 {[%clk 1:28:59]} 5. Bg2 {[%clk 1:26:56]} Bf5
{[%clk 1:21:58]} 6. d3 {[%clk 1:22:55]} e6 {[%clk 1:20:32]} 7. Nbd2
{[%clk 1:16:30]} Be7 {[%clk 1:11:07]} 8. b3 {[%clk 1:09:43]} O-O {[%clk 1:07:48]}
9. O-O {[%clk 1:09:29]} Nc6 {[%clk 1:04:46]} 10. Bb2 {[%clk 1:09:13]} h6
{[%clk 0:58:44]} 11. Rc1 {[%clk 1:07:02]} Rc8 {[%clk 0:56:49]} 12. Nd4
{[%clk 1:06:24]} Nxd4 {[%clk 0:53:53]} 13. Bxd4 {[%clk 1:06:23]} b6
{[%clk 0:48:34]} 14. Rxc8 {[%clk 1:05:54]} Qxc8 {[%clk 0:48:06]} 15. Qc1
{[%clk 1:06:03]} Qxc1 {[%clk 0:35:14]} 16. Rxc1 {[%clk 1:06:15]} Rd8
{[%clk 0:35:31]} 17. Rc7 {[%clk 1:00:49]} Rd7 {[%clk 0:34:27]} 18. Rxd7
{[%clk 1:00:03]} Nxd7 {[%clk 0:34:48]} 19. e4 {[%clk 1:00:01]} dxe4
{[%clk 0:34:12]} 20. dxe4 {[%clk 0:57:21]} Bg6 {[%clk 0:31:11]} 21. Nc4
{[%clk 0:55:20]} f6 {[%clk 0:25:52]} 22. h4 {[%clk 0:34:27]} Nc5 {[%clk 0:22:35]}
23. f3 {[%clk 0:33:16]} e5 {[%clk 0:19:58]} 24. Be3 {[%clk 0:30:09]} Bf7
{[%clk 0:13:49]} 25. Bh3 {[%clk 0:29:01]} Kf8 {[%clk 0:12:14]} 26. Bd2
{[%clk 0:24:32]} Ne6 {[%clk 0:09:38]} 27. Ne3 {[%clk 0:19:31]} Bc5
{[%clk 0:09:02]} 28. Kg2 {[%clk 0:19:39]} Nc7 {[%clk 0:06:14]} 29. f4
{[%clk 0:16:18]} Bxe3 {[%clk 0:05:26]} 30. Bxe3 {[%clk 0:16:20]} Be6
{[%clk 0:05:03]} 31. fxe5 {[%clk 0:15:15]} fxe5 {[%clk 0:04:27]} 32. g4
{[%clk 0:14:46]} Ke7 {[%clk 0:04:12]} 33. g5 {[%clk 0:15:03]} hxg5
{[%clk 0:03:36]} 34. Bxg5+ {[%clk 0:15:16]} Kf7 {[%clk 0:02:50]} 35. Bd8
{[%clk 0:13:51]} Nb5 {[%clk 0:02:57]} 36. a4 {[%clk 0:10:38]} Bxh3+
{[%clk 0:02:38]} 37. Kxh3 {[%clk 0:10:58]} Nc3 {[%clk 0:03:04]} 38. Bc7
{[%clk 0:09:50]} Nxe4 {[%clk 0:03:16]} 39. a5 {[%clk 0:04:29]} bxa5
{[%clk 0:03:27]} 40. Bxa5 {[%clk 0:33:54]} g6 {[%clk 0:33:06]} 41. Kg4
{[%clk 0:32:22]} Ke6 {[%clk 0:31:49]} 42. b4 {[%clk 0:31:04]} a6 {[%clk 0:31:12]}
43. Bb6 {[%clk 0:27:48]} Kd5 {[%clk 0:28:36]} 44. Kf3 {[%clk 0:25:15]} Nd2+
{[%clk 0:21:14]} 45. Ke2 {[%clk 0:21:37]} Nc4 {[%clk 0:20:11]} 46. Bd8
{[%clk 0:20:04]} e4 {[%clk 0:20:15]} 47. Be7 {[%clk 0:19:14]} Nd6
{[%clk 0:18:19]} 48. Bg5 {[%clk 0:13:29]} Nf5 {[%clk 0:18:30]} 49. Bd8
{[%clk 0:11:21]} Kc4 {[%clk 0:18:46]} 50. Ba5 {[%clk 0:11:05]} Nxh4
{[%clk 0:16:47]} 51. Ke3 {[%clk 0:11:20]} Kd5 {[%clk 0:17:04]} 52. Kf4
{[%clk 0:10:34]} Nf3 {[%clk 0:17:10]} 53. Bd8 {[%clk 0:10:31]} Kd4
{[%clk 0:16:19]} 54. Bb6+ {[%clk 0:10:29]} Kd3 {[%clk 0:16:32]} 55. Ba5
{[%clk 0:08:33]} Nd4 {[%clk 0:15:32]} 56. Kg3 {[%clk 0:08:34]} Nc6
{[%clk 0:15:34]} 57. Bb6 {[%clk 0:07:01]} Nxb4 {[%clk 0:15:44]} 58. Kf2
{[%clk 0:06:55]} Nd5 {[%clk 0:15:51]} 59. Ba5 {[%clk 0:07:10]} e3+
{[%clk 0:15:01]} 60. Ke1 {[%clk 0:07:23]} g5 {[%clk 0:15:04]} 61. Bd8
{[%clk 0:07:19]} g4 {[%clk 0:15:24]} 62. Bh4 {[%clk 0:07:33]} a5 {[%clk 0:15:44]}
63. Bg3 {[%clk 0:07:23]} a4 {[%clk 0:16:05]} 64. Bd6 {[%clk 0:07:37]} Nb6
{[%clk 0:16:08]} 65. Kf1 {[%clk 0:06:45]} Kd2 {[%clk 0:15:40]} 66. Bb4+
{[%clk 0:06:39]} Kd1 {[%clk 0:15:23]} 67. Kg2 {[%clk 0:06:41]} Nd5
{[%clk 0:15:23]} 68. Bd6 {[%clk 0:05:36]} e2 {[%clk 0:15:18]} 69. Bg3
{[%clk 0:05:54]} e1=Q 70. Bxe1 {[%clk 0:06:12]} Kxe1 {[%clk 0:15:44]} 71. Kg3
{[%clk 0:06:34]} a3 {[%clk 0:16:07]} 72. Kxg4 {[%clk 0:06:50]} a2
{[%clk 0:16:27]} 73. Kf5 {[%clk 0:07:16]} a1=Q {[%clk 0:16:43]} 74. Ke6
{[%clk 0:07:42]} Qd4 {[%clk 0:17:03]} 75. Ke5 0-1

[Event "5th European Small Nations"]
[Site "Andorra la Vella"]
[Date "2017.11.17"]
[Round "8.1"]
[White "Belzo, Krzysztof"]
[Black "Berend, Fred"]
[Result "0-1"]
[BlackElo "2371"]
[WhiteElo "2077"]
[LiveChessVersion "1.4.8"]

1. c4 {[%clk 1:30:56]} e5 {[%clk 1:30:58]} 2. g3 {[%clk 1:31:12]} Nf6
{[%clk 1:31:06]} 3. Bg2 {[%clk 1:31:38]} c6 {[%clk 1:31:33]} 4. d4
{[%clk 1:31:20]} Bb4+ {[%clk 1:29:27]} 5. Bd2 {[%clk 1:29:45]} Bxd2+
{[%clk 1:29:53]} 6. Qxd2 {[%clk 1:30:02]} d6 {[%clk 1:30:13]} 7. Nc3
{[%clk 1:21:23]} O-O {[%clk 1:28:54]} 8. Nf3 {[%clk 1:21:10]} Qe7
{[%clk 1:25:16]} 9. dxe5 {[%clk 1:16:51]} dxe5 {[%clk 1:25:31]} 10. Rd1
{[%clk 1:14:10]} Re8 {[%clk 1:20:24]} 11. O-O {[%clk 0:58:58]} Bf5
{[%clk 1:13:37]} 12. Nh4 {[%clk 0:54:47]} Be6 {[%clk 1:13:15]} 13. b3
{[%clk 0:55:11]} Nbd7 {[%clk 1:05:46]} 14. Ne4 {[%clk 0:52:29]} Nxe4
{[%clk 1:04:30]} 15. Bxe4 {[%clk 0:52:57]} g6 {[%clk 1:03:52]} 16. Bg2
{[%clk 0:50:02]} a5 {[%clk 0:58:17]} 17. Nf3 {[%clk 0:47:44]} f6 {[%clk 0:58:27]}
18. Ne1 {[%clk 0:40:59]} Red8 {[%clk 0:50:30]} 19. Nd3 {[%clk 0:35:42]} Bf7
{[%clk 0:45:38]} 20. Qe3 {[%clk 0:29:25]} Re8 {[%clk 0:43:12]} 21. h4
{[%clk 0:21:40]} Kg7 {[%clk 0:42:33]} 22. Bh3 {[%clk 0:19:11]} f5
{[%clk 0:39:00]} 23. h5 {[%clk 0:18:41]} Nf6 {[%clk 0:36:22]} 24. h6+
{[%clk 0:17:26]} Kh8 {[%clk 0:35:31]} 25. Nc5 {[%clk 0:16:19]} Rab8
{[%clk 0:34:03]} 26. Rd2 {[%clk 0:14:00]} b6 {[%clk 0:28:10]} 27. Na4
{[%clk 0:14:17]} Ne4 {[%clk 0:23:09]} 28. Rd3 {[%clk 0:12:33]} b5
{[%clk 0:19:09]} 29. cxb5 {[%clk 0:12:04]} cxb5 {[%clk 0:17:00]} 30. Nc3
{[%clk 0:09:40]} Nf6 {[%clk 0:17:00]} 31. Rfd1 {[%clk 0:09:50]} b4
{[%clk 0:15:30]} 32. Na4 {[%clk 0:09:36]} Qf8 {[%clk 0:13:10]} 33. Nb6
{[%clk 0:07:06]} f4 {[%clk 0:07:51]} 34. gxf4 {[%clk 0:06:58]} Qxh6
{[%clk 0:07:56]} 35. fxe5 {[%clk 0:03:14]} Qxe3 {[%clk 0:05:43]} 36. Rxe3
{[%clk 0:03:42]} Rxb6 {[%clk 0:06:03]} 37. exf6 {[%clk 0:04:09]} Rxe3
{[%clk 0:06:21]} 38. fxe3 {[%clk 0:04:35]} Rxf6 {[%clk 0:04:08]} 39. Rd8+
{[%clk 0:05:02]} Kg7 {[%clk 0:04:33]} 40. Ra8 {[%clk 0:35:26]} Rb6
{[%clk 0:31:34]} 41. Rxa5 {[%clk 0:35:31]} Kf6 {[%clk 0:31:56]} 42. Kf2
{[%clk 0:34:49]} h5 {[%clk 0:32:14]} 43. Kg3 {[%clk 0:24:43]} g5 {[%clk 0:31:02]}
44. Rf5+ {[%clk 0:22:06]} Kg6 {[%clk 0:31:27]} 45. Ra5 {[%clk 0:22:15]} Be8
{[%clk 0:24:53]} 46. Bf5+ {[%clk 0:13:57]} Kf6 {[%clk 0:24:27]} 47. e4
{[%clk 0:14:02]} Bb5 {[%clk 0:23:41]} 48. e3 {[%clk 0:13:47]} Be2
{[%clk 0:22:45]} 49. Ra8 {[%clk 0:05:42]} Ra6 {[%clk 0:19:55]} 50. Rg8
{[%clk 0:06:04]} h4+ {[%clk 0:05:37]} 51. Kh3 {[%clk 0:05:19]} Bf1+
{[%clk 0:05:55]} 52. Kh2 {[%clk 0:05:33]} Rxa2+ {[%clk 0:04:33]} 53. Kg1
{[%clk 0:05:58]} Ra1 {[%clk 0:04:21]} 54. Rg6+ {[%clk 0:05:57]} Kf7
{[%clk 0:04:45]} 55. Rxg5 {[%clk 0:06:10]} Bc4+ {[%clk 0:04:51]} 56. Kf2
{[%clk 0:02:05]} Bxb3 {[%clk 0:05:17]} 57. e5 {[%clk 0:01:24]} Bd1
{[%clk 0:03:53]} 58. Bd3 {[%clk 0:00:42]} Rc1 {[%clk 0:02:45]} 59. Ke1
{[%clk 0:00:39]} b3 {[%clk 0:01:36]} 60. Kd2 {[%clk 0:00:34]} b2 {[%clk 0:01:47]}
61. Rg1 {[%clk 0:00:34]} Bf3 {[%clk 0:00:53]} 62. Rxc1 {[%clk 0:00:32]} bxc1=Q+
{[%clk 0:01:20]} 63. Kxc1 {[%clk 0:01:01]} h3 {[%clk 0:01:38]} 0-1

[Event "5th European Small Nations"]
[Site "Andorra la Vella"]
[Date "2017.11.17"]
[Round "8.2"]
[White "Weber, Tom"]
[Black "Wojciechowski, Paul"]
[Result "1-0"]
[BlackElo "1912"]
[WhiteElo "2418"]
[LiveChessVersion "1.4.8"]

1. c4 {[%clk 1:30:56]} e5 {[%clk 1:30:51]} 2. g3 {[%clk 1:31:22]} c6
{[%clk 1:31:10]} 3. d4 {[%clk 1:31:45]} e4 {[%clk 1:30:08]} 4. Nc3
{[%clk 1:31:17]} d5 {[%clk 1:30:08]} 5. Bg2 {[%clk 1:31:28]} Nf6 {[%clk 1:18:14]}
6. cxd5 {[%clk 1:31:42]} cxd5 {[%clk 1:18:35]} 7. Bg5 {[%clk 1:31:43]} Nc6
{[%clk 0:59:40]} 8. Bxf6 {[%clk 1:24:23]} gxf6 {[%clk 1:00:03]} 9. Nh3
{[%clk 1:23:38]} Bxh3 {[%clk 0:41:08]} 10. Bxh3 {[%clk 1:23:56]} Bb4
{[%clk 0:41:33]} 11. Rc1 {[%clk 1:12:25]} f5 {[%clk 0:31:14]} 12. e3
{[%clk 1:11:15]} Qd7 {[%clk 0:25:16]} 13. Qh5 {[%clk 1:10:45]} Ne7
{[%clk 0:24:56]} 14. O-O {[%clk 1:10:33]} Bxc3 {[%clk 0:23:56]} 15. Rxc3
{[%clk 1:10:53]} Rc8 {[%clk 0:20:00]} 16. Rfc1 {[%clk 1:10:52]} Rxc3
{[%clk 0:18:41]} 17. Rxc3 {[%clk 1:11:16]} O-O {[%clk 0:15:18]} 18. Qg5+
{[%clk 1:07:24]} Kh8 {[%clk 0:15:19]} 19. Qf4 {[%clk 1:07:17]} Ng6
{[%clk 0:11:53]} 20. Qxf5 {[%clk 1:06:09]} Qxf5 {[%clk 0:11:54]} 21. Bxf5
{[%clk 1:06:33]} Ne7 {[%clk 0:09:47]} 22. Bd7 {[%clk 1:05:24]} Rb8
{[%clk 0:09:11]} 23. Rc7 {[%clk 1:05:20]} Nc6 {[%clk 0:07:55]} 24. Bxc6
{[%clk 1:04:42]} bxc6 {[%clk 0:08:20]} 25. b3 {[%clk 1:04:45]} 1-0

[Event "5th European Small Nations"]
[Site "Andorra la Vella"]
[Date "2017.11.17"]
[Round "8.3"]
[White "Mooney, Graham"]
[Black "Linster, Philippe"]
[Result "1/2-1/2"]
[BlackElo "2230"]
[WhiteElo "1864"]
[LiveChessVersion "1.4.8"]

1. e4 {[%clk 1:30:47]} e5 {[%clk 1:30:55]} 2. Nf3 {[%clk 1:31:05]} Nc6
{[%clk 1:31:20]} 3. Bb5 {[%clk 1:31:17]} a6 {[%clk 1:31:44]} 4. Ba4
{[%clk 1:31:23]} Nf6 {[%clk 1:32:02]} 5. O-O {[%clk 1:31:25]} Be7
{[%clk 1:32:24]} 6. Re1 {[%clk 1:31:28]} b5 {[%clk 1:32:49]} 7. Bb3
{[%clk 1:31:46]} d6 {[%clk 1:33:16]} 8. h3 {[%clk 1:31:22]} Na5 {[%clk 1:33:29]}
9. d4 {[%clk 1:31:19]} exd4 {[%clk 1:30:08]} 10. a4 {[%clk 1:30:43]} c5
{[%clk 1:24:33]} 11. Bd5 {[%clk 1:25:16]} Nxd5 {[%clk 1:15:50]} 12. exd5
{[%clk 1:25:27]} O-O {[%clk 1:05:40]} 13. axb5 {[%clk 1:23:40]} Bf6
{[%clk 0:59:56]} 14. bxa6 {[%clk 1:19:54]} Bxa6 {[%clk 0:58:32]} 15. Nbd2
{[%clk 1:18:30]} Bb7 {[%clk 0:55:13]} 16. b4 {[%clk 1:11:57]} cxb4
{[%clk 0:55:17]} 17. Ne4 {[%clk 1:12:19]} Bxd5 {[%clk 0:45:42]} 18. Bb2
{[%clk 1:04:07]} Bxe4 {[%clk 0:31:28]} 19. Rxe4 {[%clk 1:03:49]} Nc6
{[%clk 0:21:39]} 20. Nxd4 {[%clk 1:00:18]} Qb6 {[%clk 0:13:43]} 21. Nxc6
{[%clk 0:57:06]} Qxc6 {[%clk 0:13:47]} 22. Rxb4 {[%clk 0:57:20]} Rxa1
{[%clk 0:13:36]} 23. Qxa1 {[%clk 0:56:40]} Bxb2 {[%clk 0:12:35]} 1/2-1/2